Catalog

Record Details

Catalog Search



Mummies in the morning. #3 / by Mary Pope Osborne ... Read More

Available copies

  • 7 of 8 copies available at LARL/NWRL Consortium. (Show)
  • 6 of 7 copies available at Northwest Regional Library.

Current holds

0 current holds with 8 total copies.

Show Only Available Copies
Location Call Number / Copy Notes Barcode Shelving Location Status Due Date
Godel Memorial-Warren Library j OSB (Text) 35500004535686 Main Available -
Greenbush Public Library j pb (Text) 35500005898299 Main Available -
Hallock Public Library j OSB (Text) 35500006836520 Main Available -
Karlstad LINK Site j pb (Text) 35500003644612 Main Available -
Red Lake Falls Public Library j pb (Text) 35500003080403 Main Available -
Roseau Public Library j OSB (Text) 35500006915605 Main Checked out 05/01/2026
Warroad Public Library j OSB (Text) 35500006737033 Main Available -

Record details

  • ISBN: 9780679924241
  • ISBN: 0679924248 (lib. ed.)
  • ISBN: 9781587297960
  • ISBN: 0679824243 (trade) :
  • ISBN: 9780590629843
  • ISBN: 0590629840 (pbk.)
  • ISBN: 9780545615532
  • ISBN: 9780679824244
  • ISBN: 9780593704042
  • Physical Description: 64 p. : ill. ; 20 cm.
  • Publisher: New York : Random House, c1993.

Content descriptions

General Note:
"A First stepping stone book."
Summary, etc.:
Jack and his younger sister take a trip in their ... Read More
Target Audience Note:
"RL:2.0"--P. [4] of cover.
"006-009"--P. [4] of cover.
Subject: Time travel > Juvenile fiction.
Mummies > Juvenile fiction.
Magic > Juvenile fiction.
Tree houses > Juvenile fiction.
LDR 03182cam a2200577 a 4500
00117478
003LARL_NWRL_CONSORTIUM
00520241202201931.0
008920902s1993 nyua j 000 1 eng
020 . ‡a9780679924241
020 . ‡a0679924248 (lib. ed.)
020 . ‡a9781587297960
020 . ‡a0679824243 (trade) : ‡c$2.99 ($3.99 Can.)
020 . ‡a9780590629843
020 . ‡a0590629840 (pbk.)
020 . ‡a9780545615532
020 . ‡a9780679824244
020 . ‡a9780593704042
035 . ‡a(OCoLC)27727362
08200. ‡a[Fic] ‡220
092 . ‡aj OSB
1001 . ‡aOsborne, Mary Pope. ‡0(LARL_NWRL_CONSORTIUM)153313
24510. ‡aMummies in the morning. ‡n#3 / ‡cby Mary Pope Osborne ; illustrated by Sal Murdocca.
260 . ‡aNew York : ‡bRandom House, ‡cc1993.
300 . ‡a64 p. : ‡bill. ; ‡c20 cm.
4900 . ‡aMagic tree house ; ‡v3
500 . ‡a"A First stepping stone book."
5210 . ‡a"RL:2.0"--P. [4] of cover.
5211 . ‡a"006-009"--P. [4] of cover.
520 . ‡aJack and his younger sister take a trip in their tree house back to ancient Egypt, where they help a queen's mummy continue her voyage to the Next Life.
650 0. ‡aTime travel ‡vJuvenile fiction. ‡0(LARL_NWRL_CONSORTIUM)167733
650 0. ‡aMummies ‡vJuvenile fiction.
650 0. ‡aMagic ‡vJuvenile fiction. ‡0(LARL_NWRL_CONSORTIUM)165990
650 0. ‡aTree houses ‡vJuvenile fiction.
901 . ‡a17478 ‡bOCLC ‡c17478 ‡tbiblio

Additional Resources